Impacts of Hydrppower Projects In The Himalaya: (Record no. 202430)

MARC details
000 -LEADER
fixed length control field 00641nam a22001817a 4500
005 - DATE AND TIME OF LATEST TRANSACTION
control field 20240430152314.0
010 ## - LCCN (DPL NO)
LC control number ENG-140051
020 ## - INTERNATIONAL STANDARD BOOK NUMBER
International Standard Book Number 9789382524625
Terms of availability 595.00
035 ## - SYSTEM CONTROL NUMBER
System control number EN-123583
037 ## - SOURCE OF ACQUISITION
Source of stock number/acquisition DBAD
082 ## - DEWEY DECIMAL CLASSIFICATION NUMBER
Classification number 333.91320954
100 ## - MAIN ENTRY--PERSONAL NAME
Personal name Negi, G.C.S
245 ## - TITLE STATEMENT
Title Impacts of Hydrppower Projects In The Himalaya:
Remainder of title A Pilot Study in Bhagirathi River Basin in Uttrakhand, India/
Statement of responsibility, etc By G.C.S Negi
260 ## - PUBLICATION, DISTRIBUTION, ETC. (IMPRINT)
Place of publication, distribution, etc New Delhi
Name of publisher, distributor, etc The Book Line
Date of publication, distribution, etc 2017
270 ## - ADDRESS
Address 106,4787/23, Ist Floor,Ansari Road,Daryaganj
City New Delhi
Postal code 110002
300 ## - PHYSICAL DESCRIPTION
Extent 123p.
Dimensions 22Cm(Hb)
Other physical details Illestration
942 ## - ADDED ENTRY ELEMENTS (KOHA)
Source of classification or shelving scheme Dewey Decimal Classification
Item type English Books
Classification part 333.91320954
Call number suffix NEG
Holdings
Withdrawn status Lost status Not for loan Collection code Home library Current library Date acquired Source of acquisition Cost, normal purchase price Full call number Barcode Copy number Cost, replacement price Koha item type
      Non-fiction Ashok Vihar Ashok Vihar 30/04/2024 DBAD 595.00 333.91320954 NEG EN-123583 1 595.00 English Books

© Delhi Public Library
Hit Counter
free hit counter